UM Logo

Brazilian Portuguese / (Record no. 19251)

MARC details
000 -LEADER
fixed length control field 00506nam a22001577a 4500
008 - FIXED-LENGTH DATA ELEMENTS--GENERAL INFORMATION
fixed length control field 240221b ||||| |||| 00| 0 eng d
020 ## - INTERNATIONAL STANDARD BOOK NUMBER
International Standard Book Number 9781119894650
082 ## - DEWEY DECIMAL CLASSIFICATION NUMBER
Classification number DC 469.798
Item number Si94 2022
100 ## - MAIN ENTRY--PERSONAL NAME
Personal name Sive, Karen Jacobson,
Relator term author.
9 (RLIN) 52868
245 ## - TITLE STATEMENT
Title Brazilian Portuguese /
Statement of responsibility, etc. Karen Jacobson-Sive.
250 ## - EDITION STATEMENT
Edition statement 3rd edition.
260 ## - PUBLICATION, DISTRIBUTION, ETC. (IMPRINT)
Place of publication, distribution, etc. Hoboken, NJ :
Name of publisher, distributor, etc. Wiley,
Date of publication, distribution, etc. ©2023.
300 ## - PHYSICAL DESCRIPTION
Extent xiv, 410 pages :
Other physical details illustrations ;
Dimensions 23 cm.
650 ## - SUBJECT ADDED ENTRY--TOPICAL TERM
Topical term or geographic name as entry element Portuguese language
General subdivision Grammar.
9 (RLIN) 52869
942 ## - ADDED ENTRY ELEMENTS (KOHA)
Source of classification or shelving scheme Dewey Decimal Classification
Koha item type Circulation
Holdings
Withdrawn status Lost status Source of classification or shelving scheme Damaged status Not for loan Collection code Home library Current library Date acquired Source of acquisition Cost, normal purchase price Total Checkouts Full call number Barcode Date last seen Price effective from Koha item type
    Dewey Decimal Classification     Circulation UM Digos College - LIC UM Digos College - LIC 07/19/2023 Purchased 2333.00   DC 469.798 Si94 2022 27898 05/15/2025 02/21/2024 Circulation